000 00459nam a2200169 4500
003 SEACOMEC
005 20240129134155.0
008 240129b |||||||| |||| 00| 0 eng d
020 _cRs.120.00
040 _aSEACOMEC
082 _a621.43
_bB188
100 _aBallaney,P.L.
245 1 2 _aInternal combustion engines (including gasturbines)
_cP.L. Ballaney
260 _aDelhi
_bKhanna
_c2003
650 _aTechnology,Internal-combustion engines
942 _cBOOK
999 _c537
_d537